000 01047nam a2200289 i 4500
003 DO-SdBNP
005 20250610085254.0
007 ta
008 240614b2023 dr d r 00| 0 spa d
020 _a9789945509458
040 _aDO-SdBNP
_bspa
_cBNPHU
_erda
082 4 _222
_bR173
100 _aRamírez Tejada, Omar
_952569
_eautor
245 1 0 _aTransición energética en la República Dominicana :
_bestado actual y perspectivas futuras /
_cOmar Ramírez Tejada
264 1 _aSanto Domingo :
_bFundación Friedrich Ebert Stiftung,
_c2023.
300 _a14 páginas
_bgrafícas
_c30 cm.
336 _2rdacontent
_atexto
_btxt
337 _2rdamedia
_asin mediación
_bn
338 _2rdacurrier
_avolumen
_bnc
490 1 _aCambio climático, energía y medioambiente ;
490 1 _aPerspectiva ;
500 _aIncluye datos biográficos del autor en la última página.
500 _aEn cooperación con guakía ambiente, energeia, Leaning by doing.
590 _aInventariado, 2024/ YL
910 _aYLockward
942 _2ddc
_cLF2
999 _c56861
_d56861